| 000 | 00957nam a2200265 i 4500 | ||
|---|---|---|---|
| 001 | bg | ||
| 245 | 0 | 0 |
_aModele referencyjne w zarządzaniu procesami biznesu : _bpraca zbiorowa / _cpod red. nauk. Tadeusza Kasprzaka. |
| 260 |
_aWarszawa : _b"Difin", _c2005. |
||
| 300 |
_a325 s. ; _c24 cm. |
||
| 490 | 1 | _aStudia Informatyki Gospodarczej | |
| 504 | _aBibliogr. przy rozdz. | ||
| 650 | 9 |
_aInformatyka _xstosowanie _xgospodarka |
|
| 650 | 9 |
_aSystemy informatyczne _xstosowanie _xgospodarka |
|
| 650 | 9 |
_aZarządzanie _xmetody |
|
| 700 | 1 |
_aKASPRZAK, Tadeusz _d(1922- ). _eRed. |
|
| 830 | _aStudia Informatyki Gospodarczej | ||
| 020 | _a8372515220 | ||
| 040 | _cBPK | ||
| 041 | 0 | _apol | |
| 080 | _a658.1/.5.012.4:004.7 | ||
| 920 | _a83-7251-522-0 | ||
| 942 | _cKS | ||
| 008 | s pl f |000 0 pol | ||
| 999 |
_c46053 _d46053 |
||
| 856 |
_uhttp://koha.tu.koszalin.pl/cgi-bin/koha/opac-detail.pl?biblionumber=46053 _yKatalog online BPK |
||